00273nam a2200109 a 4500008004100000050001500041100002100056245003900077246002900116260000900145350000900154120416s1992 xx |||||||||||||| || u aTD 811 Tai aTaiganides, E. P10aPig waste management and recycling athe Singapore experience c1992 a0.00